[Event "Hebron Al Aqsa op 1st"]
[Site "Hebron"]
[Date "2022.12.09"]
[Round "3"]
[White "Ahmad, Ebedo"]
[Black "Alshreef, Bashar"]
[Result "1-0"]
[WhiteElo "1519"]
[BlackElo "1148"]
[PlyCount "55"]
[EventDate "2022.12.08"]
[EventType "swiss"]
[EventRounds "9"]
[EventCountry "PLE"]
[SourceTitle "EXT 2024"]
[Source "ChessBase"]
[SourceDate "2023.10.10"]
[SourceVersion "1"]
[SourceVersionDate "2023.10.10"]
[SourceQuality "1"]

1. e4 e5 2. Bc4 Nf6 3. d4 Nc6 4. Nf3 Bd6 5. 0-0 Nxe4 6. dxe5 Be7 7. Qd5 0-0 8. Qxe4 d5 9. Qxd5 Qe8 10. Qe4 g6 11. e6 f6 12. Bh6 f5 13. Qe2 Rf6 14. Nc3 f4 15. Nd5 Rxe6 16. Nxe7+ Qxe7 17. Bxe6+ Bxe6 18. Rfe1 Re8 19. Bxf4 Qb4 20. Bh6 Bf7 21. Qd2 Qg4 22. Rxe8+ Bxe8 23. Qc3 Qd7 24. Ne5 Nxe5 25. Qxe5 Qf7 26. Re1 Bd7 27. Qe7 Qxe7 28. Rxe7 1-0